Energy efficiency in buildings (Record no. 106013)

MARC details
000 -LEADER
fixed length control field 02073cam a2200313 4500
001 - CONTROL NUMBER
control field ##L135345
008 - FIXED-LENGTH DATA ELEMENTS--GENERAL INFORMATION
fixed length control field 061017n2004 000 0 eng u
020 ## - INTERNATIONAL STANDARD BOOK NUMBER
International Standard Book Number 1903287340
035 ## - SYSTEM CONTROL NUMBER
System control number (Sirsi) u135345
041 0# - LANGUAGE CODE
Language code of text/sound track or separate title eng
050 04 - LIBRARY OF CONGRESS CALL NUMBER
Classification number 333.72 $2 18
110 2# - MAIN ENTRY--CORPORATE NAME
Corporate name or jurisdiction name as entry element Chartered Institution of Building Services Engineers
9 (RLIN) 2360
245 00 - TITLE STATEMENT
Title Energy efficiency in buildings
Remainder of title CIBSE guide F
250 ## - EDITION STATEMENT
Edition statement 2nd ed.
260 ## - PUBLICATION, DISTRIBUTION, ETC.
Place of publication, distribution, etc. London
Name of publisher, distributor, etc. CIBSE
Date of publication, distribution, etc. 2004
300 ## - PHYSICAL DESCRIPTION
Extent 1v.
Dimensions 30cm.
350 ## - PRICE (NR) (BK AM CF MU VM SE) [OBSOLETE]
Price 100.80
490 #0 - SERIES STATEMENT
Series statement CIBSE Guide
Volume/sequential designation F
505 2# - FORMATTED CONTENTS NOTE
Formatted contents note The design process -- Developing a design strategy -- Sketch design -- Renewables, fuels, CHP and metering -- Control strategies -- Ventilation and air conditioning design -- Refrigeration design -- Lighting design -- Heating and hot water design -- Motors and building transportation systems -- Electrical power systems and office equipment -- Checking the design -- Commissioning, handover and feedback -- Why buildings fail on energy --Managing the building -- Acquisition and refurbishment -- Maintenance and energy efficiency -- Energy audits and surveys -- Benchmarking, monitoring and targeting -- Energy benchmarks -- CIBSE policy statements -- Conversion factors and properties of fuels -- Consultants and model briefs
520 ## - SUMMARY, ETC.
Summary, etc. Provides guidance on energy efficiency in buildings, covering both the energy requirements committed by the design and the energy costs in use. Revised in the light of Part L of the Building Regulations and includes new sections, such as a checklist on why buildings fail on energy. References, bibliography and websites.
650 24 - SUBJECT ADDED ENTRY--TOPICAL TERM
Topical term or geographic name entry element BUILDING REGULATIONS 2000 APPROVED DOCUMENT L1A (2006 EDITION)
650 24 - SUBJECT ADDED ENTRY--TOPICAL TERM
Topical term or geographic name entry element BUILDING REGULATIONS 2000 APPROVED DOCUMENT L2A (2006 EDITION)
650 24 - SUBJECT ADDED ENTRY--TOPICAL TERM
Topical term or geographic name entry element BUILDING REGULATIONS 2000 APPROVED DOCUMENT L1B (2006 EDITION)
650 24 - SUBJECT ADDED ENTRY--TOPICAL TERM
Topical term or geographic name entry element BUILDING REGULATIONS 2000 APPROVED DOCUMENT L2B (2006 EDITION)
651 #4 - SUBJECT ADDED ENTRY--GEOGRAPHIC NAME
Geographic name United Kingdom
Chronological subdivision
690 ## - LOCAL SUBJECT ADDED ENTRY--TOPICAL TERM (OCLC, RLIN)
Topical term or geographic name as entry element ENVIRONMENTAL AND LAND CONSULTANCY-ENERGY-ENERGY USE-ENERGY EFFICIENCY
942 ## - ADDED ENTRY ELEMENTS (KOHA)
Suppress in OPAC 0
Holdings
Withdrawn status Lost status Source of classification or shelving scheme Damaged status Not for loan Home library Current library Shelving location Date acquired Cost, normal purchase price Total Checkouts Full call number Barcode Date last seen Date last checked out Copy number Cost, replacement price Price effective from Koha item type
    Dewey Decimal Classification     London London Folio 07/11/2006 85.68 20 F333.72 CHA 30073438 06/08/2019 04/01/2010 1 85.68 06/08/2019 Book